5 największych wysp na morzu Wschodniochińskim - Statystyki

Ogólne statystyki
  • Ten quiz został rozwiązany 3 razy
  • Średni wynik to 1 z 5
Statystyki odpowiedzi
Państwo Wyspa % Poprawnych
Tajwan Tajwan
100%
Chiny Hajnan
33%
Tajwan Matsu
0%
Tajwan Quemoy
0%
Chiny Zhoushan
0%
Nie znaleziono quizów pasujących do podanych kryteriów
Rozkład punktacji
Procent ludzi z każdym wynikiem
Percentyl według liczby udzielonych odpowiedzi
Twoja historia wyników
Nie rozwiązałeś tego quizu